| 000 | 00349nam a2200133Ia 4500 | ||
|---|---|---|---|
| 008 | 240624s9999 xx 000 0 und d | ||
| 041 | _aeng | ||
| 082 | _a332.1 HKI | ||
| 100 | _aTHE HONG KONG INSTITUTE OF BANKERS | ||
| 245 | _aCREDIT RISK MANAGEMENT | ||
| 260 |
_c2012 _aSingapore _bZon Publishing |
||
| 300 | _aClass No : 332.1 HKI | ||
| 365 | _cRS | ||
| 999 |
_c30746 _d30746 |
||